Olvasni tanulok ábécéskönyv az alapiskola 1. osztálya számára 1. rész

Bibliographic Details
Main Authors: Romankovics, András (Author), Romankovicsné Tóth, Júlia (Author), Meixner, Ildikó (Author)
Other Authors: Urai, Erika (Illustrator)
Format: Book
Language:Hungarian
PhysicalDescription:119 s., [16] s. obr. príl. Ilustr. 24 cm
Published: Bratislava Slovenské pedagogické nakladateľstvo 1995
ISBN:8008006161
Edition:6. kiad.
Subjects:

MARC

LEADER 00000cam a2200000 a 4500
001 vtls001058570
003 SK-MaSNL
005 20260301232546.0
008 250414s1995 xo a brp 000 0 hun
015 |a SNBA1995/0902376 
020 |a 8008006161 
035 |a SNK000001387 
035 |a urn:nbn:sk:snk-amkdvr 
035 |a urn:nbn:sk:snk-am003uqz 
035 |a BC6DF8C7-4980-4ED9-8FDD-5BE0DF76DB5E 
040 |a SNK  |b slo  |c SNK  |e AACR2 
041 0 |a hun 
044 |a xo  |c SK 
080 |a 372.41(075.2)(076.5)=945.11  |2 1981 
100 1 |a Romankovics, András  |4 aut  |9 46575 
245 1 0 |a Olvasni tanulok  |b ábécéskönyv az alapiskola 1. osztálya számára  |n 1. rész  |c Romankovics András, Romankovicsné Tóth Júlia, Meixner Ildikó 
246 1 0 |a Učím sa čítať 
250 |a 6. kiad. 
260 |a Bratislava  |b Slovenské pedagogické nakladateľstvo  |c 1995 
300 |a 119 s., [16] s. obr. príl.  |b Ilustr.  |c 24 cm 
500 |a Súbež. tir. slov. 
500 |a Ilustr. Urai Erika 
650 0 7 |a čítanie  |x učebnice zákl. škôl (1. roč.) maď.  |2 SNK  |9 462967 
655 7 |a učebnice  |2 SNK  |9 22521 
700 1 |a Romankovicsné Tóth, Júlia  |4 aut  |9 46576 
700 1 |a Meixner, Ildikó  |4 aut  |9 12345 
700 1 |a Urai, Erika  |4 ill  |9 47483 
852 |a Slovenská národná knižnica 
919 |a 80-08-00616-1 
954 |a čítanie 
958 |a TL 
958 |a HU 
958 |a UX 
999 |c 961775  |d 963705 
952 |t P60, <09>, [BOOK], {629}  |a SNK  |b SNK  |y NEVYP  |7 0  |o snkC 930  |i snk1791/950525  |0 0  |1 0  |4 0  |d 1995-07-03  |l 0  |r 2004-12-31 00:00:00  |w 2026-02-24 
952 |t P60, <03>, [BOOK], {603}  |a SNK  |b SNK  |y PREZ  |7 0  |o snkSC 88688/1  |i snkKSP 6423/95  |0 0  |1 0  |4 0  |d 1995-07-03  |l 0  |r 2004-12-31 00:00:00  |w 2026-02-24 
952 |t P60, <04>, [BOOK], {604}  |a SNK  |b SNK  |y VYP  |7 0  |p 17A0075671  |o snkSC 88688/1 D1  |i snkKSP 6424/95  |0 0  |1 0  |4 0  |d 1995-07-03  |l 0  |r 2004-12-31 00:00:00  |w 2026-02-24 
952 |a SNK  |b SNK  |y PREZ  |7 0  |p 17A1013395  |o snkSC 88688/1   |0 0  |1 0  |4 0  |d 2012-08-20  |f 1  |l 0  |r 2025-09-08 00:00:00  |w 2026-02-24